000 00267nam a22001097a 4500
082 _a621.4 COR'T
100 _aCORMAC, P
_980147
245 _aA TREATISE ON ENGINES BALNCE USING EXPERIMENTAL
260 _aLONDON
_bCHAPMAN & HALL
_c1923
300 _a151P
942 _cBK
999 _c585110
_d585110